| 000 | 00370nam a2200109Ia 4500 | ||
|---|---|---|---|
| 008 | 180305s9999 xx 000 0 und d | ||
| 020 | _a9789710552207 | ||
| 100 | _aPayongayong, Luzviminda Santos | ||
| 245 |
_cLuzviminda Santos Payongayong _aManagement Accounting: _bFor Managers and Entrepreneur/ |
||
| 260 |
_aBulacan _bAllen Adrian Books Inc. _c2014 |
||
| 300 | _a361 Pages | ||
| 999 |
_c356069 _d356069 |
||